[Event "Kiev Spring op"]
[Site "Kiev"]
[Date "2023.03.28"]
[Round "5"]
[White "Lutsenko, Olena"]
[Black "Zamekhovskiy, Yevgen"]
[Result "0-1"]
[WhiteElo "1618"]
[BlackElo "2095"]
[PlyCount "110"]
[EventDate "2023.03.25"]
[EventType "swiss"]
[EventRounds "9"]
[EventCountry "UKR"]
[SourceTitle "EXT 2024"]
[Source "ChessBase"]
[SourceDate "2023.10.10"]
[SourceVersion "1"]
[SourceVersionDate "2023.10.10"]
[SourceQuality "1"]

1. d4 Nf6 2. c4 g6 3. Nc3 Bg7 4. e4 d6 5. f3 0-0 6. Be3 b6 7. Qd2 c5 8. Nge2 Nc6 9. d5 Ne5 10. Nc1 e6 11. Be2 exd5 12. cxd5 Re8 13. 0-0 a6 14. a4 Qc7 15. Rb1 Rb8 16. b3 Nh5 17. g4 Nf6 18. Nd3 Nxd3 19. Bxd3 Nd7 20. Rf2 b5 21. axb5 Qa5 22. Nd1 Qxd2 23. Rxd2 axb5 24. Ra2 Ne5 25. Be2 f5 26. gxf5 gxf5 27. Nf2 Bd7 28. Ra5 Ra8 29. Rxa8 Rxa8 30. exf5 Bxf5 31. Re1 Ra3 32. f4 Ng6 33. Bxb5 Rxb3 34. Bf1 Nh4 35. Bg2 c4 36. Kf1 Nxg2 37. Kxg2 c3 38. Bc1 c2 39. Ne4 Bxe4+ 40. Rxe4 Rb1 41. Be3 Re1 42. Rc4 Rxe3 43. Rxc2 Rd3 44. Rc7 Rxd5 45. Kf3 Rf5 46. Kg4 Rf7 47. Rc8+ Bf8 48. f5 Kg7 49. h4 Kf6 50. Re8 Be7 51. Ra8 Ke5 52. Ra5+ d5 53. Ra1 Rxf5 54. Re1+ Kf6 55. Rxe7 h5+ 0-1

[Event "Kiev Shystarev Memorial 1st"]
[Site "Kiev"]
[Date "2020.08.31"]
[Round "9"]
[White "Kelbas, Alexandr"]
[Black "Lutsenko, Olena"]
[Result "1-0"]
[WhiteElo "2079"]
[BlackElo "1537"]
[PlyCount "65"]
[EventDate "2020.08.25"]
[EventType "swiss"]
[EventRounds "9"]
[EventCountry "UKR"]
[SourceTitle "EXT 2022"]
[Source "ChessBase"]
[SourceDate "2021.10.06"]
[SourceVersion "1"]
[SourceVersionDate "2021.10.06"]
[SourceQuality "1"]

1. c4 Nf6 2. g3 g6 3. Bg2 Bg7 4. Nc3 c5 5. e3 0-0 6. Nge2 Nc6 7. d4 a6 8. 0-0 cxd4 9. exd4 d6 10. h3 Rb8 11. Be3 Qa5 12. Qd2 Qh5 13. Nf4 Qa5 14. a3 Qc7 15. Rac1 Na5 16. Ncd5 Nxd5 17. Nxd5 Qd8 18. Nxe7+ Kh8 19. Qb4 Nxc4 20. Bg5 f6 21. Rxc4 Qxe7 22. Bf4 Rd8 23. Re1 Qd7 24. Bxd6 a5 25. Qb6 Ra8 26. Re7 f5 27. Rxd7 Rxd7 28. Be5 Bxe5 29. dxe5 Rd1+ 30. Kh2 Bd7 31. Qxb7 Re8 32. Rc7 Re7 33. e6 1-0

[Event "Kiev Shystarev Memorial 1st"]
[Site "Kiev"]
[Date "2020.08.30"]
[Round "8"]
[White "Lutsenko, Olena"]
[Black "Cherniavsky, Yury"]
[Result "1-0"]
[WhiteElo "1537"]
[BlackElo "1564"]
[PlyCount "71"]
[EventDate "2020.08.25"]
[EventType "swiss"]
[EventRounds "9"]
[EventCountry "UKR"]
[SourceTitle "EXT 2022"]
[Source "ChessBase"]
[SourceDate "2021.10.06"]
[SourceVersion "1"]
[SourceVersionDate "2021.10.06"]
[SourceQuality "1"]

1. d4 c6 2. c4 d5 3. cxd5 cxd5 4. Nc3 Nf6 5. Nf3 Bf5 6. Qb3 b6 7. Bf4 e6 8. e3 Bd6 9. Bb5+ Kf8 10. Ne5 Ne4 11. Nxe4 Bxe4 12. 0-0 f6 13. Nd7+ Nxd7 14. Bxd6+ Kf7 15. Rac1 Rc8 16. Qa4 a6 17. Rxc8 Qxc8 18. Bxd7 Qa8 19. Qc6 Qxc6 20. Bxc6 Rd8 21. Bg3 Rc8 22. Rc1 Bd3 23. Rc3 Bc4 24. Bb7 Re8 25. b3 Re7 26. bxc4 Rxb7 27. cxd5 exd5 28. Rc7+ Rxc7 29. Bxc7 b5 30. f3 f5 31. Kf2 Ke6 32. Ke2 Kd7 33. Ba5 g6 34. Kd3 Ke6 35. e4 fxe4+ 36. fxe4 1-0

[Event "Kiev Shystarev Memorial 1st"]
[Site "Kiev"]
[Date "2020.08.29"]
[Round "6"]
[White "Lutsenko, Olena"]
[Black "Semeshko, Mykola"]
[Result "1/2-1/2"]
[WhiteElo "1537"]
[BlackElo "1612"]
[PlyCount "73"]
[EventDate "2020.08.25"]
[EventType "swiss"]
[EventRounds "9"]
[EventCountry "UKR"]
[SourceTitle "EXT 2022"]
[Source "ChessBase"]
[SourceDate "2021.10.06"]
[SourceVersion "1"]
[SourceVersionDate "2021.10.06"]
[SourceQuality "1"]

1. d4 d5 2. c4 e6 3. Nc3 c6 4. e4 dxe4 5. Nxe4 Bb4+ 6. Bd2 Qxd4 7. Bxb4 Qxe4+ 8. Be2 Na6 9. Ba3 c5 10. Nf3 Ne7 11. 0-0 0-0 12. Qd2 Ng6 13. Bd3 Qc6 14. Qg5 b6 15. b3 Bb7 16. Bb2 f6 17. Qg3 Qe8 18. Nh4 Nxh4 19. Qxh4 f5 20. Qg5 Qg6 21. Qxg6 hxg6 22. Rae1 Nb4 23. Bb1 Rfe8 24. Re2 Rad8 25. Rfe1 Nd3 26. Bxd3 Rxd3 27. h3 Kf7 28. Be5 Red8 29. Bc7 Re8 30. Be5 Rd7 31. Bf4 Rd4 32. Be5 Rd3 33. Bf4 Rd7 34. Re5 Kf6 35. h4 Rd4 36. Bg5+ Kf7 37. f3 1/2-1/2

[Event "Kiev Shystarev Memorial 1st"]
[Site "Kiev"]
[Date "2020.08.28"]
[Round "5"]
[White "Penza, Denis"]
[Black "Lutsenko, Olena"]
[Result "1/2-1/2"]
[WhiteElo "1969"]
[BlackElo "1537"]
[PlyCount "54"]
[EventDate "2020.08.25"]
[EventType "swiss"]
[EventRounds "9"]
[EventCountry "UKR"]
[SourceTitle "EXT 2022"]
[Source "ChessBase"]
[SourceDate "2021.10.06"]
[SourceVersion "1"]
[SourceVersionDate "2021.10.06"]
[SourceQuality "1"]

1. d4 e6 2. c4 f5 3. Nf3 Nf6 4. Nc3 d5 5. Bf4 c6 6. e3 Be7 7. Be2 0-0 8. 0-0 Bd7 9. Qb3 Qb6 10. c5 Qxb3 11. axb3 Ne4 12. Nxe4 fxe4 13. Ne5 Bf6 14. Ra4 Bc8 15. Rfa1 a6 16. Rf1 Nd7 17. Nxd7 Bxd7 18. Rb4 Ra7 19. Bd6 Re8 20. Bg4 g6 21. f4 exf3 22. Rxf3 Kg7 23. Be5 Bxe5 24. dxe5 h5 25. Bh3 g5 26. Rf6 Re7 27. g3 Re8 1/2-1/2